| 000 | 00712nam a2200229 a 4500 | ||
|---|---|---|---|
| 001 | BRCA_7452 | ||
| 005 | 20190320205836.0 | ||
| 008 | 110413s1903----mx-a######---#000-0#spa-# | ||
| 041 | _aspa | ||
| 044 | _amx | ||
| 050 | 4 |
_aF1219.1 _b.B38 1903 |
|
| 100 | 1 |
_aBatres, Leopoldo _918350 |
|
| 245 | 1 | 0 |
_aVisita a los monumentos arqueológicos de la Quemada Zacatecas _cpor Leopoldo Batres. |
| 260 |
_aMéxico _bVda. de Francisco Díaz de León _c1903 |
||
| 300 |
_a43 p. _bil., 26 láminas, planos, retratos |
||
| 500 | _aQ207 | ||
| 651 | 4 |
_aQuemada, La, Zacatecas _xAntigüedades _918351 |
|
| 651 | 4 |
_aZacatecas _xAntigüedades _918352 |
|
| 651 | 4 |
_aMéxico _xAntigüedades _92765 |
|
| 902 | _aGFM | ||
| 942 |
_2lcc _cB |
||
| 999 |
_c7128 _d7128 |
||